| Tag |
First Indicator |
Second Indicator |
Subfields |
| LEADER |
00000cgm a2200000 i 4500 |
| 001 |
in00003584321 |
| 006 |
m o c |
| 007 |
vz uzazuu |
| 007 |
cr una---unuuu |
| 008 |
140717p20142009cau075 o vleng d |
| 005 |
20260324170522.8 |
| 028 |
5 |
2 |
|a 1114339
|b Kanopy
|
| 035 |
|
|
|a (OCoLC)897773196
|
| 035 |
|
|
|a (CaSfKAN)kan1114339
|
| 040 |
|
|
|a UtOrBLW
|b eng
|e rda
|c UtOrBLW
|
| 245 |
0 |
0 |
|a Modus operandi.
|
| 264 |
|
1 |
|a [San Francisco, California, USA] :
|b Kanopy Streaming,
|c 2014.
|
| 300 |
|
|
|a 1 online resource (1 video file, approximately 76 min.) :
|b digital, .flv file, sound
|
| 336 |
|
|
|a two-dimensional moving image
|b tdi
|2 rdacontent
|
| 337 |
|
|
|a computer
|b c
|2 rdamedia
|
| 338 |
|
|
|a online resource
|b cr
|2 rdacarrier
|
| 344 |
|
|
|a digital
|
| 347 |
|
|
|a video file
|b MPEG-4
|b Flash
|
| 500 |
|
|
|a Title from title frames.
|
| 518 |
|
|
|a Originally produced by Kino Lorber Edu in 2009.
|
| 520 |
|
|
|a A wild throwback to '70s grindhouse movies, Modus operandi is shockingly violent and even more entertaining. Director Frankie Latina took four years to direct this lovingly constructed ode to disreputable genre flicks, all of it shot in his hometown of Milwaukee. He mashes together Blaxploitation, gore, Italian giallo, Japanese gangster flicks and much more into an irresistible guilty pleasure.
|
| 538 |
|
|
|a Mode of access: World Wide Web.
|
| 650 |
|
0 |
|a Blaxploitation films.
|
| 650 |
|
0 |
|a Splatter films.
|
| 650 |
|
0 |
|a Gangster films.
|
| 650 |
|
0 |
|a Motion pictures, Japanese.
|
| 655 |
|
7 |
|a Internet videos.
|2 lcgft
|
| 655 |
|
7 |
|a Nonfiction films.
|2 lcgft
|
| 655 |
|
7 |
|a Feature Films.
|2 lcgft
|
| 700 |
1 |
|
|a Latina, Frankie,
|e director.
|
| 710 |
2 |
|
|a Kanopy (Firm)
|
| 856 |
4 |
0 |
|u http://proxy.library.tamu.edu/login?url=https://texasam.kanopystreaming.com/node/114340
|z Connect to this streaming video
|t 0
|
| 999 |
f |
f |
|s 5dac9aa4-0065-3797-965f-f4e29a1f5675
|i a3af4623-68f2-3a05-849c-80f728c64870
|t 0
|
| 952 |
f |
f |
|a Texas A&M University
|b College Station
|c Electronic Resources
|s www_evans
|d Available Online
|t 0
|h No information provided
|
| 998 |
f |
f |
|t 0
|l Available Online
|